000 00358nam a2200145Ia 4500
005 20251222144900.0
008 251222s9999||||xx |||||||||||||| ||spa||
020 _a978-1-4058-4772-8
082 _a421/H22P/2007
100 _aHarmer, Jeremy
245 4 _aThe Practice of English Language Teaching
250 _a4a.ed.
264 _bLongman
942 _cLIB
999 _c21946
_d21946